000 00514nam a2200133Ia 4500
008 170516s9999 xx 000 0 und d
245 _aTranscatheter arterial embolization with trisacryl gelatin microspheres (Embosphere®) leads to life-threatening tumor lysis syndrome in a rectal carcinoid patient with hepatic metastases
260 _bActa Radiologica Open
260 _c2013
300 _a1:10
650 _xRadiologic Technology
650 _xRadtech
856 _uhttp://journals.sagepub.com/toc/arra/1/10
999 _c332940
_d332940